000 00654nam a2200241Ia 4500
003 OSt
005 20221007064751.0
006 a|||||r|||| 00| 0
007 ta
008 221006b |||||||| |||| 00| 0 eng d
024 _a15,958
037 _cTextual
040 _aFLL
_cFLL
_beng
041 _2eng
_aeng
082 _aX723:Z236, J6;K3;1
100 _aAggarawala O.P.
_9686243
245 0 _aPunjab land revenue act, 1887
250 _a5th
260 _aDelhi
_bMetropolitan Book Co. (P) Ltd. India
_c1963
300 _a672p
_ccm.
942 _hX723:Z236, J6;K3;1
_cTEXL
_2CC
999 _c1135279
_d1135279